UBT Library

Gjenealogjia e familjes shqiptare Albani nga Urbino dhe Bergamo e Italisë - Papës Clementi XI Albani (Pontifex. Maximus) / (Record no. 111)

000 -LEADER
fixed length control field 00929nam a22002297a 4500
008 - FIXED-LENGTH DATA ELEMENTS--GENERAL INFORMATION
fixed length control field 131011b xxu||||| |||| 00| 0 alb d
020 ## - INTERNATIONAL STANDARD BOOK NUMBER
International Standard Book Number 9789951062664
041 0# - LANGUAGE CODE
Language code of text/sound track or separate title alb
080 ## - UNIVERSAL DECIMAL CLASSIFICATION NUMBER
Universal Decimal Classification number 272-732.2-725
Common auxiliary subdivision (=18'456.31) (092)
100 1# - Rafti
Rafti Zenelaj, Eqrem
100 1# - Rafti
-- 1956-
245 ## - TITLE STATEMENT
Title Gjenealogjia e familjes shqiptare Albani nga Urbino dhe Bergamo e Italisë - Papës Clementi XI Albani (Pontifex. Maximus) /
Statement of responsibility, etc Eqrem Zenelaj.
260 ## -
-- Prishtinë :
-- Faik Konica ;
-- 2009
300 ## -
-- 306 f. :
-- me il. ;
-- 24 cm.
500 ## -
-- Titulli dhe teksti paralel në gjuhën italiane dhe dialektin arbëresh
500 ## -
-- Parathënie f. : 11
500 ## -
-- Në kopertinën e paluar të dhënat për autorin
505 ## -
-- Literatura e konsultuar : f. 177-183
600 14 -
-- Klementi
-- XI
-- Papa
-- 1649-1721
-- Gjon Françesk Albani
-- Biografi
650 #0 -
-- Persekutimi (Fe)
650 #0 -
-- Arbëreshët-Itali
-- Gjenealogjia
942 ## - ADDED ENTRY ELEMENTS (KOHA)
Source of classification or shelving scheme
Item type Books
Holdings
Withdrawn status Lost status Source of classification or shelving scheme Damaged status Not for loan Collection code Permanent location Current location Shelving location Date acquired Total Checkouts Full call number Barcode Date last seen Price effective from Koha item type
          Koleksioni i përgjithshem UBT - Prishtine UBT - Prishtine Koleksioni i përgjithshem 10/11/2013   272-732.2-725 (=18'456.31) (092) ZEN 001-000116 10/11/2013 10/11/2013 Books
UBT Library © 2015-2024. All rights reserved University Education for Business and Technology